[Event "Championnat de France des Jeunes - Pupi"]
[Site "LA ROCHE SUR YON"]
[Date "2008.04.22"]
[Round "4.7"]
[White "Tassel, Pierre"]
[Black "Eid, Amine"]
[Result "0-1"]
[WhiteElo "1711"]
[BlackElo "1797"]
[Annotator "Salaun,Michel"]
[PlyCount "144"]
[EventDate "2008.04.24"]
[EventType "swiss"]
[EventRounds "6"]
[EventCountry "FRA"]

1. e4 c5 2. Nf3 d6 3. d4 cxd4 4. Nxd4 Nf6 5. Nc3 a6 6. Be3 e5 7. Nf3 Be6 8. Bd3
Be7 9. h3 Nbd7 10. Ng5 b5 11. Nxe6 fxe6 12. Ne2 O-O 13. O-O d5 14. Ng3 d4 15.
Bd2 Nc5 16. Bb4 Nfd7 17. Bd2 Qc7 18. Rc1 Rac8 19. Nh5 Nf6 20. Nxf6+ Rxf6 21. h4
Rcf8 22. h5 R6f7 23. Qg4 Qd7 24. f3 Na4 25. Rb1 Nb6 26. Qh3 Nc4 27. Bxc4 bxc4
28. g4 Qd8 29. Kg2 Bg5 30. Bb4 Re8 31. Qg3 Bf4 32. Qe1 Qg5 33. Rh1 Be3 34. Qh4
Qf4 35. Qg3 Qf6 36. Rbd1 {(=)} Rd8 37. Bd2 Bxd2 38. Rxd2 Qg5 39. Rhd1 Rf4 40.
c3 Rdf8 41. cxd4 Rxf3 42. Qxf3 Rxf3 43. Kxf3 Qf4+ 44. Kg2 Qxg4+ 45. Kf2 Qf4+
46. Kg1 {(=)} Qxe4 47. dxe5 h6 48. Rd4 Qxe5 49. Rxc4 Qxh5 50. Rdd4 Qa5 51. Ra4
Qe1+ 52. Kg2 Qe2+ 53. Kg3 Qxb2 54. Rdb4 Qe5+ 55. Kg4 h5+ 56. Kh4 Qh2+ 57. Kg5
Kh7 58. Rb3 Qe5+ 59. Kh4 Kh6 60. Rg3 Qe2 61. Kh3 g5 62. Rg2 g4+ 63. Kh2 Qe5+
64. Kg1 g3 65. Kh1 Qb5 66. Rf4 e5 67. Rf7 Kg6 68. Rf3 h4 69. Kg1 e4 70. Rf1 Qd3
71. Rff2 h3 72. Rb2 Qd1# 0-1

[Event "Championnat de France des Jeunes - Pupi"]
[Site "LA ROCHE SUR YON"]
[Date "2008.04.22"]
[Round "4.6"]
[White "Dol, Cecile"]
[Black "Rei-Rosa, Sophie"]
[Result "0-1"]
[WhiteElo "1630"]
[BlackElo "1510"]
[Annotator "Salaun,Michel"]
[PlyCount "128"]
[EventDate "2008.04.24"]
[EventType "swiss"]
[EventRounds "6"]
[EventCountry "FRA"]

1. e4 e5 2. d4 exd4 3. c3 Nf6 4. e5 Nd5 5. cxd4 d6 6. exd6 Bxd6 7. Nf3 O-O 8.
Be2 Bf5 9. O-O Nc6 10. Qb3 Nb6 11. Nc3 Qf6 12. Be3 Nb4 13. Rfc1 Be6 14. Qd1 c6
15. a3 N4d5 16. Nxd5 Bxd5 17. Bg5 Qf5 18. Bd3 Be4 19. Bxe4 Qxe4 20. Qc2 Rfe8
21. Be3 Nd5 22. Qxe4 Rxe4 23. Ng5 Re7 24. Re1 Rae8 25. Bd2 Re2 26. Nf3 Bf4 27.
Bxf4 Nxf4 28. b4 Nd3 29. Rf1 Rc2 30. Rad1 Nb2 31. Rde1 Rxe1 32. Rxe1 Kf8 33.
Kf1 Nd3 34. Re2 Rc1+ 35. Ne1 Nxe1 36. Rxe1 Rxe1+ 37. Kxe1 Ke7 38. Ke2 Kd6 39.
Kd3 Kd5 40. f3 f5 41. g3 g5 42. f4 gxf4 43. gxf4 b6 44. h3 {(=)} h6 45. h4 h5
46. a4 a6 47. a5 b5 48. Ke3 Kc4 49. Kd2 Kxb4 50. Kd3 Kxa5 51. d5 cxd5 52. Kd4
b4 53. Kxd5 b3 54. Ke6 b2 55. Kxf5 b1=Q+ 56. Kg5 Qb5+ 57. f5 Kb6 58. Kg6 Qe8+
59. Kg5 Qg8+ 60. Kf6 Kc6 61. Ke7 Qg7+ 62. Ke6 Qg4 63. Ke5 Qxh4 64. f6 Qxf6+ 0-1

[Event "Championnat de France des Jeunes - Pupi"]
[Site "LA ROCHE SUR YON"]
[Date "2008.04.22"]
[Round "4.8"]
[White "Marechal, Marie"]
[Black "Bekhouche, Marion"]
[Result "0-1"]
[WhiteElo "1400"]
[BlackElo "1697"]
[Annotator "Salaun,Michel"]
[PlyCount "116"]
[EventDate "2008.04.24"]
[EventType "swiss"]
[EventRounds "6"]
[EventCountry "FRA"]

1. e4 e6 2. d4 d5 3. exd5 exd5 4. Nc3 c6 5. Nf3 Bd6 6. Bd3 Nf6 7. Qe2+ Be6 8.
Ng5 Qe7 9. Nxe6 Qxe6 10. Qxe6+ fxe6 11. Bg5 Nbd7 12. Ne2 e5 13. dxe5 Bxe5 14.
c3 c5 15. Bb5 h6 16. f4 Bxc3+ 17. bxc3 hxg5 18. fxg5 Ne4 19. g6 O-O-O 20. Bxd7+
Rxd7 21. O-O Nf6 22. Rad1 Rhd8 23. Rf5 b6 24. Rf4 Ne8 25. Kf2 Nc7 26. Ke3 Rd6
27. Rg4 Re8+ 28. Kd3 Re4 29. Rxe4 dxe4+ 30. Kc2 Rxd1 31. Kxd1 {(=)} Nd5 32. c4
Ne3+ 33. Kd2 Nxc4+ 34. Ke1 Kd7 35. h4 Ke6 36. h5 Kf6 37. Nf4 Ne5 38. Ke2 Ng4
39. Kd2 Kg5 40. g3 b5 41. Kc3 a5 42. a3 Kf5 43. Nd5 Nf6 44. h6 Nxd5+ 45. Kd2
Kxg6 46. a4 b4 47. Kc2 c4 48. Kb2 gxh6 49. Kc2 Kg5 50. g4 Kf4 51. Kd2 Kf3 52.
Kc2 Kf2 53. Kd2 e3+ 54. Kc2 e2 55. g5 hxg5 56. Kb2 e1=Q 57. Ka2 Nc3+ 58. Kb2
Qb1# 0-1

[Event "Championnat de France des Jeunes - Pupi"]
[Site "LA ROCHE SUR YON"]
[Date "2008.04.22"]
[Round "4.7"]
[White "Lefevre, Lucie"]
[Black "Bertrand, Meryl"]
[Result "1/2-1/2"]
[WhiteElo "1540"]
[BlackElo "1610"]
[Annotator "Salaun,Michel"]
[PlyCount "105"]
[EventDate "2008.04.24"]
[EventType "swiss"]
[EventRounds "6"]
[EventCountry "FRA"]

1. e4 e5 2. Nf3 Nc6 3. Bb5 Bc5 4. c3 a6 5. Ba4 b5 6. Bc2 Nf6 7. d4 exd4 8. cxd4
Bb4+ 9. Bd2 Bxd2+ 10. Nbxd2 d6 11. h3 Nb4 12. d5 Nxc2+ 13. Qxc2 Bb7 14. O-O O-O
15. Rfe1 Rc8 16. Nd4 Qd7 17. Rac1 Rfe8 18. Nc6 Bxc6 19. Qxc6 Qxc6 20. Rxc6 Nxd5
21. Rxa6 Nb4 22. Ra5 c6 23. Rc1 Nd3 24. Rc2 h6 25. Ra3 Nc5 26. f3 Ne6 27. Rd3
Red8 28. Nf1 Nf4 29. Rdd2 d5 30. exd5 Rxd5 31. Rxd5 Nxd5 32. a3 Nf4 33. Ne3 c5
34. Nf5 Rb8 35. Rxc5 Nd3 36. Rc2 Ra8 37. Ne7+ Kf8 38. Nd5 Rb8 39. Kf1 Re8 40.
g4 Rb8 41. Ke2 Ne5 42. Rc5 Nd7 43. Rc3 Ne5 44. f4 Nc4 45. a4 Nxb2 46. axb5 f6
47. Rb3 Nc4 48. Rb4 Nd6 49. b6 Ke8 50. Kd3 Kd8 51. Kd4 Kd7 52. Kc5 Nb7+ 53. Kc4
1/2-1/2

[Event "Championnat de France des Jeunes - Pupi"]
[Site "LA ROCHE SUR YON"]
[Date "2008.04.22"]
[Round "4.7"]
[White "Tassel, Pierre"]
[Black "Eid, Amine"]
[Result "1/2-1/2"]
[WhiteElo "1711"]
[BlackElo "1797"]
[Annotator "Salaun,Michel"]
[PlyCount "95"]
[EventDate "2008.04.24"]
[EventType "swiss"]
[EventRounds "6"]
[EventCountry "FRA"]

1. d4 Nf6 2. c4 c5 3. d5 b5 4. cxb5 a6 5. bxa6 Bxa6 6. Nc3 d6 7. Nf3 g6 8. g3
Bg7 9. Bg2 O-O 10. Rb1 Nbd7 11. O-O Ra7 12. Re1 Qa8 13. b3 Bb7 14. e4 Ng4 15.
Na4 Ba6 16. Bb2 Nge5 17. Nxe5 Nxe5 18. Re3 Rb8 19. f4 Nd7 20. Bxg7 Kxg7 21. Rb2
Nb6 22. Nxb6 Rxb6 23. Qa1 Kg8 24. Qb1 Bc8 25. Bf1 Ra3 26. Bc4 Rb4 27. e5 Bf5
28. Qe1 Rb8 29. exd6 exd6 30. Rbe2 Bd7 31. Re7 Ra7 32. a4 Rf8 33. Qc3 Bf5 34.
R2e3 Rxe7 35. Rxe7 Re8 36. Rxe8+ Qxe8 37. a5 Qe7 38. a6 Qc7 39. Kf2 h5 40. Qe1
Kf8 {(=)} 41. Qa1 Qa7 {(=)} 42. Qh8+ Ke7 43. Kg2 Qb6 44. Qa8 Qa5 45. Qb7+ Kf6
46. Qb5 Qd2+ 47. Kg1 Qe3+ 48. Kg2 {(=)} 1/2-1/2

[Event "Championnat de France des Jeunes - Pupi"]
[Site "LA ROCHE SUR YON"]
[Date "2008.04.22"]
[Round "4.10"]
[White "Savalle, Mathilde"]
[Black "Venet, Clemence"]
[Result "0-1"]
[WhiteElo "1620"]
[BlackElo "1420"]
[Annotator "Salaun,Michel"]
[PlyCount "78"]
[EventDate "2008.04.24"]
[EventType "swiss"]
[EventRounds "6"]
[EventCountry "FRA"]

1. e4 e5 2. Nf3 Nc6 3. d4 d6 4. Bc4 Nge7 5. O-O d5 6. exd5 Nxd5 7. Nxe5 Qd6 8.
Re1 Be6 9. a4 O-O-O 10. c3 a5 11. Na3 Nxe5 12. Rxe5 Qc6 13. Rb1 Bxa3 14. Bxd5
Rxd5 15. bxa3 Rxe5 16. dxe5 Rd8 17. Qc2 Kb8 18. Be3 Qd5 19. Bf4 Bf5 20. Rxb7+
Qxb7 21. Qc1 Qb1 22. Qxb1+ Bxb1 23. Kf1 Rd3 24. Ke2 Rxc3 25. Bd2 Rxa3 26. Bxa5
Rxa4 27. Bc3 c5 28. Ke3 Kc7 29. f4 Ba2 30. Bd2 f5 31. Kf3 Bd5+ 32. Kg3 Ra3+ 33.
Kh4 Bxg2 34. Kg5 Be4 35. h4 c4 36. h5 c3 37. Be3 c2 38. h6 gxh6+ 39. Kxh6 Rxe3
0-1

[Event "Championnat de France des Jeunes - Pupi"]
[Site "LA ROCHE SUR YON"]
[Date "2008.04.22"]
[Round "4.6"]
[White "Messinger, Karl"]
[Black "Sarafian, Thomas"]
[Result "0-1"]
[WhiteElo "1715"]
[BlackElo "1830"]
[Annotator "Salaun,Michel"]
[PlyCount "72"]
[EventDate "2008.04.24"]
[EventType "swiss"]
[EventRounds "6"]
[EventCountry "FRA"]

1. e4 c5 2. Nf3 Nc6 3. Bb5 Nf6 4. d3 g6 5. O-O Bg7 6. h3 d6 7. Nc3 O-O 8. Bxc6
bxc6 9. Be3 Ba6 10. Qd2 Re8 11. Nh2 Qd7 12. f4 Qb7 13. a3 Nd7 14. Rfb1 d5 15.
Bf2 Qc7 16. exd5 cxd5 17. Nxd5 Qc6 18. Nc3 Bb7 19. Nf3 e5 20. Bg3 exf4 21. Bxf4
Nf6 22. Ne5 Qe6 23. Re1 Nh5 24. Bh2 f5 25. Nf3 Qf7 26. Nb5 Rxe1+ 27. Rxe1 Bxf3
28. gxf3 Qb7 29. Nc3 Qxb2 30. Nd5 Qd4+ 31. Ne3 f4 32. Qe2 fxe3 33. Kg2 Re8 34.
Kh1 Qc3 35. Rd1 Qxa3 36. Rb1 Qc3 0-1

[Event "Championnat de France des Jeunes - Pupi"]
[Site "LA ROCHE SUR YON"]
[Date "2008.04.22"]
[Round "4.9"]
[White "Dalarun, Adelie"]
[Black "Massard, Aurelie"]
[Result "0-1"]
[WhiteElo "1260"]
[BlackElo "1630"]
[Annotator "Salaun,Michel"]
[PlyCount "54"]
[EventDate "2008.04.24"]
[EventType "swiss"]
[EventRounds "6"]
[EventCountry "FRA"]

1. e4 d5 2. exd5 Nf6 3. Nc3 Bg4 4. f3 Bf5 5. Bb5+ Nbd7 6. d3 a6 7. g4 Bxg4 8.
fxg4 axb5 9. Bf4 b4 10. Nb5 Nxd5 11. Qf3 Nxf4 12. Qxf4 e5 13. Qc4 c6 14. O-O-O
cxb5 15. Qxb5 Rxa2 16. Kb1 Qa8 17. Kc1 b6 18. Nh3 Ra1+ 19. Kd2 Qg2+ 20. Ke3
Bc5+ 21. d4 exd4+ 22. Rxd4 Qxh3+ 23. Ke4 Qxg4+ 24. Kd5 Qxd4+ 25. Kc6 Qe4+ 26.
Kc7 Ra7+ 27. Kc8 Qb7# 0-1

[Event "Championnat de France des Jeunes - Pupi"]
[Site "LA ROCHE SUR YON"]
[Date "2008.04.22"]
[Round "4.9"]
[White "Bole, Oscar"]
[Black "Grandadam, Patrick"]
[Result "0-1"]
[WhiteElo "1640"]
[BlackElo "1965"]
[Annotator "Salaun,Michel"]
[PlyCount "122"]
[EventDate "2008.04.24"]
[EventType "swiss"]
[EventRounds "6"]
[EventCountry "FRA"]

1. d4 d5 2. c4 e6 3. Nc3 c6 4. e3 Nf6 5. Bd3 Nbd7 6. Nge2 dxc4 7. Bxc4 b5 8.
Bd3 Bb7 9. f3 a6 10. Qc2 c5 11. Qb3 cxd4 12. Nxd4 Nc5 13. Qd1 Nxd3+ 14. Qxd3 e5
15. Ncxb5 exd4 16. Nxd4 Bc5 17. O-O O-O 18. Rd1 Qb6 19. b3 Rad8 20. Bb2 Rfe8
21. Rac1 Nd5 22. e4 Nf4 23. Qe3 Bxd4 24. Bxd4 Rxd4 25. Re1 Rd6 26. Qxb6 Rxb6
27. Rc7 Ne6 28. Rd7 Rd8 29. Rxd8+ Nxd8 30. Rd1 Ne6 31. Kf2 Kf8 32. Ke3 Ke7 33.
g4 Rd6 34. Rc1 Rc6 35. Rxc6 Bxc6 36. h4 Kd6 37. Kd3 Nf4+ 38. Kd4 Ne6+ 39. Kd3
Ke5 40. Ke3 Nf4 41. h5 h6 42. a3 g5 43. hxg6 fxg6 44. a4 a5 45. Kd2 Kd4 46. Ke1
Ke3 47. e5 Kxf3 48. b4 axb4 49. Kd1 Bxa4+ 50. Kc1 b3 51. Kb1 h5 52. gxh5 gxh5
53. Ka1 h4 54. Kb2 h3 55. Ka1 h2 56. Kb2 h1=Q 57. Ka3 Qa1+ 58. Kb4 Qd4+ 59. Ka3
b2 60. e6 b1=R 61. Ka2 Qa1# 0-1

[Event "Championnat de France des Jeunes - Pupi"]
[Site "LA ROCHE SUR YON"]
[Date "2008.02.22"]
[Round "4.10"]
[White "Mirimanian, Haik"]
[Black "Pruvot, Louis"]
[Result "1-0"]
[WhiteElo "1832"]
[BlackElo "1630"]
[Annotator "Salaun,Michel"]
[PlyCount "93"]
[EventDate "2008.04.24"]
[EventType "swiss"]
[EventRounds "6"]
[EventCountry "FRA"]

1. d4 d5 2. c4 c6 3. Nc3 dxc4 4. a4 e5 5. e3 exd4 6. exd4 Be6 7. Nf3 Be7 8. Be2
Bf6 9. Ne4 Na6 10. Bf4 Bd5 11. Nd6+ Kf8 12. O-O Qb6 13. Nxc4 Bxc4 14. Bxc4 Rd8
15. Be3 Ne7 16. a5 Qb4 17. Qc2 g6 18. Bh6+ Bg7 19. Bd2 Qd6 20. Bxa6 bxa6 21.
Rfe1 Nf5 22. Bc3 Bf6 23. Rad1 Kg7 24. Qd3 c5 25. d5 Bxc3 26. Qxc3+ f6 27. Re6
Qf8 28. Rxa6 Qf7 29. g4 Nd6 30. Ng5 Qb7 31. Ne6+ Kg8 32. Rc6 Ne4 33. Qc4 Qxc6
34. dxc6 Rxd1+ 35. Kg2 Nd6 36. Qb3 Rc1 37. Qb8+ Kf7 38. Qxd6 Re8 39. Qd7+ Re7
40. Nd8+ Kf8 41. Qd6 Ke8 42. c7 Rd7 43. Qe6+ Re7 44. Qc6+ Kf8 45. c8=Q Rce1 46.
Qxf6+ Kg8 47. Ne6+ 1-0

[Event "Championnat de France des Jeunes - Pupi"]
[Site "LA ROCHE SUR YON"]
[Date "2008.04.23"]
[Round "5.7"]
[White "Canterel, Cecile"]
[Black "Saucey, Milena"]
[Result "1/2-1/2"]
[WhiteElo "1580"]
[BlackElo "1440"]
[Annotator "Salaun,Michel"]
[PlyCount "102"]
[EventDate "2008.04.24"]
[EventType "swiss"]
[EventRounds "6"]
[EventCountry "FRA"]

1. c4 e5 2. Nc3 Nf6 3. g3 d5 4. cxd5 Nxd5 5. Bg2 Nb6 6. d3 Nc6 7. Nf3 Bg4 8.
O-O Qd7 9. a3 Be7 10. Re1 h5 11. h4 f6 12. Qc2 Bxf3 13. exf3 Nd4 14. Qd1 Qd6
15. Be3 g5 16. Bxd4 Qxd4 17. Re4 Qc5 18. d4 exd4 19. Qxd4 Qxd4 20. Rxd4 Rd8 21.
Rad1 Rxd4 22. Rxd4 Kf7 23. hxg5 fxg5 24. f4 c6 25. fxg5 Bxg5 26. Kf1 Rd8 27.
Rxd8 Bxd8 28. Bf3 h4 29. gxh4 Bxh4 30. b3 Ke6 31. Ke2 Bg5 32. Bg4+ Ke5 33. Kd3
Kf4 34. f3 Be7 35. Ne2+ Kg5 36. a4 Nd5 37. Bc8 b5 38. axb5 cxb5 39. Kd4 Nc7 40.
f4+ Kf6 41. Ng3 a5 42. Ne4+ Kf7 43. Nc5 Bd6 44. f5 Bxc5+ 45. Kxc5 a4 46. bxa4
bxa4 47. Kb4 Nd5+ 48. Kxa4 Nb6+ 49. Kb4 Nxc8 50. Kc5 Ne7 51. Kd4 Nxf5+ 1/2-1/2

[Event "Championnat de France des Jeunes - Pupi"]
[Site "LA ROCHE SUR YON"]
[Date "2008.04.23"]
[Round "5.6"]
[White "Bertrand, Meryl"]
[Black "Houzelot, Alice"]
[Result "1-0"]
[WhiteElo "1610"]
[BlackElo "1480"]
[Annotator "Salaun,Michel"]
[PlyCount "51"]
[EventDate "2008.04.24"]
[EventType "swiss"]
[EventRounds "6"]
[EventCountry "FRA"]

1. e4 e5 2. Nf3 d6 3. Bc4 Be7 4. Nc3 Nf6 5. d3 Nc6 6. h3 O-O 7. Bg5 Be6 8. Bb3
d5 9. Bxf6 Bxf6 10. exd5 Bd7 11. dxc6 Bxc6 12. O-O Re8 13. Ne4 Bxe4 14. dxe4
Qc8 15. Qe2 Rd8 16. Qc4 Rd7 17. Rad1 Re7 18. Rd3 Rd7 19. Rfd1 Rxd3 20. Qxf7+
Kh8 21. Rxd3 b5 22. Rd7 c5 23. Bd5 Rb8 24. Ng5 h6 25. Qg6 hxg5 26. Qh5# 1-0

[Event "Championnat de France des Jeunes - Pupi"]
[Site "LA ROCHE SUR YON"]
[Date "2008.04.23"]
[Round "5.8"]
[White "Venet, Clemence"]
[Black "Kambrath, Linda"]
[Result "1/2-1/2"]
[WhiteElo "1420"]
[BlackElo "1570"]
[Annotator "Salaun,Michel"]
[PlyCount "43"]
[EventDate "2008.04.24"]
[EventType "swiss"]
[EventRounds "6"]
[EventCountry "FRA"]

1. e4 e5 2. Nf3 Nc6 3. Bc4 Be7 4. Nc3 Nf6 5. d3 d6 6. Bg5 Bg4 7. h3 Be6 8. Nd5
h6 9. Bxf6 Bxf6 10. O-O Bxd5 11. Bxd5 Qd7 12. c3 g5 13. d4 g4 14. hxg4 Qxg4 15.
Bxc6+ bxc6 16. dxe5 Rg8 17. g3 dxe5 18. Re1 h5 19. Nh2 Qh3 20. Qf3 Ke7 21. Kh1
h4 22. Rg1 {(=)} 1/2-1/2

[Event "Championnat de France des Jeunes - Pupi"]
[Site "LA ROCHE SUR YON"]
[Date "2008.04.23"]
[Round "5.7"]
[White "Kambrath, Yannick"]
[Black "Balagny-Carbuccia, Nicolas"]
[Result "1/2-1/2"]
[WhiteElo "1670"]
[BlackElo "1810"]
[Annotator "Salaun,Michel"]
[PlyCount "97"]
[EventDate "2008.04.24"]
[EventType "swiss"]
[EventRounds "6"]
[EventCountry "FRA"]

1. d4 Nf6 2. Nf3 e6 3. Bf4 b6 4. e3 Bb7 5. Be2 Be7 6. O-O O-O 7. h3 d5 8. c4 c5
9. Nc3 h6 10. Rc1 Bd6 11. Bxd6 Qxd6 12. Nb5 Qe7 13. Re1 Ne4 14. Nc3 Nxc3 15.
Rxc3 Nd7 16. Bd3 Rac8 17. Qe2 e5 18. dxe5 Nxe5 19. cxd5 Bxd5 20. Nxe5 Qxe5 21.
e4 Be6 22. a3 f5 23. exf5 Qxe2 24. Rxe2 Bxf5 25. Bxf5 Rxf5 26. Re7 Rf7 27. Rxf7
Kxf7 28. Rd3 Rc7 29. f4 Ke6 30. Kf2 c4 31. Rd2 c3 32. bxc3 Rxc3 33. Re2+ Kf5
34. Re3 Rxe3 35. Kxe3 a6 36. g4+ Ke6 37. Kd4 h5 38. Kc4 hxg4 39. hxg4 Kd6 40.
Kd4 Ke6 41. Kc4 Kd6 42. Kd4 b5 43. f5 a5 44. g5 b4 45. axb4 axb4 46. Kc4 Ke5
47. f6 gxf6 48. gxf6 Kxf6 49. Kxb4 1/2-1/2

[Event "Championnat de France des Jeunes - Pupi"]
[Site "LA ROCHE SUR YON"]
[Date "2008.04.23"]
[Round "5.9"]
[White "Laric, Emilie"]
[Black "Lefevre, Lucie"]
[Result "0-1"]
[WhiteElo "1410"]
[BlackElo "1540"]
[Annotator "Salaun,Michel"]
[PlyCount "78"]
[EventDate "2008.04.24"]
[EventType "swiss"]
[EventRounds "6"]
[EventCountry "FRA"]

1. d4 d5 2. c4 e6 3. Nf3 Nf6 4. Bg5 Nbd7 5. Nc3 c6 6. e4 Bb4 7. e5 h6 8. Bxf6
gxf6 9. Bd3 Qa5 10. Qc2 dxc4 11. Bxc4 fxe5 12. O-O Bxc3 13. Qxc3 Qxc3 14. bxc3
exd4 15. cxd4 Nf6 16. Rab1 Nd5 17. Rfe1 Nc3 18. Rb4 b5 19. Bb3 a5 20. d5 axb4
21. dxc6 Ke7 22. Ne5 Kf8 23. Re3 Nxa2 24. Rf3 Rh7 25. Nd7+ Bxd7 26. cxd7 Ke7
27. Rd3 Rhh8 28. f4 Rhd8 29. g4 Rxd7 30. Rxd7+ Kxd7 31. g5 hxg5 32. fxg5 Nc3
33. Kg2 Rg8 34. h4 Ke7 35. Kf3 f6 36. Kf4 Nd5+ 37. Kg4 fxg5 38. hxg5 Nf6+ 39.
Kh4 Nd5 0-1

[Event "Championnat de France des Jeunes - Pupi"]
[Site "LA ROCHE SUR YON"]
[Date "2008.04.23"]
[Round "5.10"]
[White "Legrand, Claire"]
[Black "Abidi, Hasma"]
[Result "1-0"]
[WhiteElo "1530"]
[BlackElo "1310"]
[Annotator "Salaun,Michel"]
[PlyCount "71"]
[EventDate "2008.04.24"]
[EventType "swiss"]
[EventRounds "6"]
[EventCountry "FRA"]

1. e4 e6 2. d3 d5 3. Nd2 c5 4. Ngf3 Nc6 5. g3 Qc7 6. Bg2 Nf6 7. O-O Bd6 8. Re1
b6 9. Qe2 dxe4 10. dxe4 e5 11. Nc4 Ba6 12. Nxd6+ Qxd6 13. Qxa6 Nb4 14. Qe2
O-O-O 15. a3 Nc6 16. Bg5 h6 17. Bxf6 gxf6 18. Rad1 Qe7 19. c3 Kb8 20. Bf1 h5
21. Nh4 Rdg8 22. Nf5 Qc7 23. Qd3 Rd8 24. Qf3 Rxd1 25. Rxd1 Ne7 26. Nxe7 Qxe7
27. Qd3 Rg8 28. Qd7 Qe6 29. Ba6 Qxd7 30. Rxd7 h4 31. Rxf7 hxg3 32. fxg3 Rg6 33.
Kg2 Rh6 34. h4 Rg6 35. h5 Rh6 36. g4 1-0

[Event "Championnat de France des Jeunes - Pupi"]
[Site "LA ROCHE SUR YON"]
[Date "2008.04.23"]
[Round "5.8"]
[White "Jeannesson, Etienne"]
[Black "Bellahcene, Rayane"]
[Result "0-1"]
[WhiteElo "1810"]
[BlackElo "1660"]
[Annotator "Salaun,Michel"]
[PlyCount "80"]
[EventDate "2008.04.24"]
[EventType "swiss"]
[EventRounds "6"]
[EventCountry "FRA"]

1. e4 c5 2. Nc3 Nc6 3. d3 d6 4. g3 g6 5. Bg2 Bg7 6. Be3 e6 7. Qd2 Nge7 8. Bh6
O-O 9. h4 Nd4 10. h5 Nxc2+ 11. Kd1 Nxa1 12. Bxg7 Kxg7 13. hxg6 fxg6 14. Qh6+
Kf7 15. Qxh7+ Ke8 16. Nf3 Qb6 17. Qg7 Rg8 18. Qf6 Kd7 19. Rh7 Qd8 20. Bh3 Rf8
21. Qxe6+ Ke8 22. Qc4 Bxh3 23. Rxh3 Rxf3 24. Qb5+ Nc6 25. Qxb7 Qc8 26. Qg7 Qxh3
27. Qxg6+ Kd7 28. Qg7+ Ne7 29. Ke2 Raf8 30. Nd1 Nc2 31. Qc3 Nd4+ 32. Kd2 Qf1
33. Qc4 Rxf2+ 34. Kc1 Ne2+ 35. Kc2 Nd4+ 36. Kc1 Rc2+ 37. Qxc2 Nxc2 38. Kxc2 Rf3
39. Kb3 Qxd1+ 40. Kc4 Qxd3# 0-1

[Event "Championnat de France des Jeunes - Pupi"]
[Site "LA ROCHE SUR YON"]
[Date "2008.04.23"]
[Round "5.10"]
[White "Aubert, Lucas"]
[Black "Viennot, Dylan"]
[Result "0-1"]
[WhiteElo "1650"]
[BlackElo "1774"]
[Annotator "Salaun,Michel"]
[PlyCount "74"]
[EventDate "2008.04.24"]
[EventType "swiss"]
[EventRounds "6"]
[EventCountry "FRA"]

1. d4 Nf6 2. c4 g6 3. Nc3 Bg7 4. e4 d6 5. f3 O-O 6. Be3 e5 7. d5 c6 8. g4 cxd5
9. cxd5 h5 10. g5 Nfd7 11. h4 a6 12. Nge2 b5 13. Qd2 Nb6 14. b3 b4 15. Nd1 a5
16. Rc1 N6d7 17. Rg1 Na6 18. Nb2 Ndc5 19. Nc4 Bb7 20. Bh3 a4 21. Bxc5 Nxc5 22.
Qe3 Ba6 23. Nxd6 Nd3+ 24. Kf1 Nxc1 25. Qxc1 Qxd6 26. bxa4 Bxe2+ 27. Kxe2 Rxa4
28. Qc6 Rxa2+ 29. Ke3 Ra6 30. Qxd6 Rxd6 31. Rb1 Rb8 32. Kd3 Bf8 33. Ke3 Ra6 34.
Kd3 Ra3+ 35. Ke2 b3 36. Kd2 b2 37. Bg2 Ra1 0-1

[Event "Championnat de France des Jeunes - Pupi"]
[Site "LA ROCHE SUR YON"]
[Date "2008.04.23"]
[Round "5.9"]
[White "Eid, Amine"]
[Black "Karcenty, Louis"]
[Result "1/2-1/2"]
[WhiteElo "1797"]
[BlackElo "1650"]
[Annotator "Salaun,Michel"]
[PlyCount "112"]
[EventDate "2008.04.24"]
[EventType "swiss"]
[EventRounds "6"]
[EventCountry "FRA"]

1. e4 c6 2. d4 d5 3. exd5 cxd5 4. c4 Nf6 5. Nc3 g6 6. Nf3 dxc4 7. Bxc4 Bg7 8.
O-O O-O 9. h3 e6 10. Be3 Nc6 11. Qe2 Nd5 12. Nxd5 exd5 13. Bd3 Qb6 14. Rad1 Be6
15. Bb1 Rac8 16. Qd2 a5 17. Bh6 Rc7 18. Bxg7 Kxg7 19. a3 a4 20. Rc1 Rfc8 21.
Rc5 Kg8 22. Rcc1 Nxd4 23. Nxd4 Rxc1 24. Rxc1 Rxc1+ 25. Qxc1 Qxd4 26. Ba2 Qb6
27. Qd2 Qc6 28. Kh2 Qd6+ 29. g3 h5 30. Qa5 Qc6 31. Qb4 {(=)} Qc2 32. Qb6 Qc6
33. Qb4 Qd7 34. h4 d4 35. Bxe6 fxe6 36. Kg1 d3 37. Qd2 Qd5 38. Qd1 b5 39. Qd2
Qf3 40. Qc3 Qd1+ 41. Kg2 Qe2 42. Qc8+ Kf7 43. Qd7+ Kf6 44. Qd4+ {(=)} e5 45.
Qd6+ Kf5 46. Qf8+ Ke6 47. Qe8+ Kd6 48. Qd8+ Kc5 49. Qc7+ Kd5 50. Qd7+ Kc4 51.
Qe6+ Kc5 52. Qe7+ Kd4 53. Qb4+ Kd5 54. Qxb5+ Ke6 55. Qc6+ {(=)} Kf5 56. Qd7+
Kf6 {(=)} 1/2-1/2

[Event "Championnat de France des Jeunes - Pupi"]
[Site "LA ROCHE SUR YON"]
[Date "2008.04.23"]
[Round "5.6"]
[White "Tassel, Pierre"]
[Black "Gautier, Clement"]
[Result "0-1"]
[WhiteElo "1711"]
[BlackElo "1811"]
[Annotator "Salaun,Michel"]
[PlyCount "50"]
[EventDate "2008.04.24"]
[EventType "swiss"]
[EventRounds "6"]
[EventCountry "FRA"]

1. d4 d5 2. c4 e6 3. cxd5 exd5 4. Nc3 Nf6 5. Bf4 c6 6. e3 Be7 7. Bd3 O-O 8. Nf3
Nbd7 9. h3 Re8 10. Qc2 Nf8 11. g4 Bd6 12. Bxd6 Qxd6 13. O-O-O a5 14. Rdg1 b5
15. Ne5 a4 16. f4 Ba6 17. h4 b4 18. Bxh7+ N6xh7 19. Nxa4 f6 20. Ng6 Nxg6 21.
Qxg6 Rxe3 22. h5 Qxf4 23. h6 Re1+ 24. Kc2 Qc1+ 25. Kb3 Qc4# 0-1

[Event "Championnat de France des Jeunes - Pupi"]
[Site "LA ROCHE SUR YON"]
[Date "2008.04.24"]
[Round "6.6"]
[White "Dol, Cecile"]
[Black "Saucey, Milena"]
[Result "1/2-1/2"]
[WhiteElo "1630"]
[BlackElo "1440"]
[Annotator "Salaun,Michel"]
[PlyCount "118"]
[EventDate "2008.04.24"]
[EventType "swiss"]
[EventRounds "6"]
[EventCountry "FRA"]

1. e4 e5 2. d4 exd4 3. c3 dxc3 4. Bc4 cxb2 5. Bxb2 Bb4+ 6. Nc3 Nc6 7. a3 Ba5 8.
Nf3 Nge7 9. Qb3 O-O 10. O-O h6 11. h3 d6 12. Rfd1 a6 13. a4 Ng6 14. Ba3 Kh7 15.
Bxf7 Rxf7 16. Qxf7 Bxc3 17. Rac1 Bf6 18. Qb3 Qg8 19. Qxg8+ Kxg8 20. Rb1 b5 21.
Rdc1 Bd7 22. axb5 {(=)} axb5 23. Rb3 Na5 24. Rd3 Nc4 25. Bb4 c5 26. Bxc5 Nge5
27. Nxe5 Bxe5 28. Bb4 Bf4 29. Rb1 Ra6 30. g3 Be5 31. Kg2 Bc8 32. Be1 {(=)} Bb7
33. Kf3 Bc6 34. Bb4 Kf7 35. Rbd1 Ra4 36. Rb3 Ke6 37. Kg4 d5 38. exd5+ Bxd5 39.
Rdb1 Kf6 40. f4 Rxb4 41. fxe5+ Nxe5+ 42. Kh5 Bf3+ 43. g4 g6+ 44. Kh4 g5+ 45.
Kg3 Rf4 46. Rxb5 Nd3 47. Rb6+ Kf7 48. Rf1 Ne5 49. Rxh6 Kg7 50. Rh5 Bxg4 51.
Rxg5+ Kh6 52. Rxf4 Kxg5 53. Re4 Kf5 54. Rxe5+ Kxe5 55. Kxg4 Kf6 56. Kh5 Kg7 57.
h4 Kh7 58. Kg5 Kg7 59. h5 Kh7 1/2-1/2